Environment and Ecology for civil services Prelim and Main Exam (Record no. 64105)
[ view plain ]
| 000 -LEADER | |
|---|---|
| fixed length control field | 00246nam a22000977a 4500 |
| 082 ## - DEWEY DECIMAL CLASSIFICATION NUMBER | |
| Classification number | 333 |
| 245 ## - TITLE STATEMENT | |
| Title | Environment and Ecology for civil services Prelim and Main Exam |
| 300 ## - PHYSICAL DESCRIPTION | |
| Other physical details | Hariyana Oakbridge 2018 |
| 650 ## - SUBJECT ADDED ENTRY--TOPICAL TERM | |
| Topical Term | Environment |
| 942 ## - ADDED ENTRY ELEMENTS (KOHA) | |
| Koha item type | Books |
| Withdrawn status | Lost status | Damaged status | Not for loan | Home library | Current library | Date acquired | Cost, normal purchase price | Full call number | Accession Number | Price effective from | Koha item type |
|---|---|---|---|---|---|---|---|---|---|---|---|
| MACL | MACL | 28/01/2021 | 495.00 | 333 | GCLC00971 | 28/01/2021 | Books | ||||
| MACL | MACL | 28/01/2021 | 495.00 | 333 | GCLC00972 | 28/01/2021 | Books |









